| 000 -LEADER |
| fixed length control field |
00659nam a2200241Ia 4500 |
| 001 - CONTROL NUMBER |
| control field |
16574 |
| 003 - CONTROL NUMBER IDENTIFIER |
| control field |
GE_BSU |
| 005 - DATE AND TIME OF LATEST TRANSACTION |
| control field |
20250204103817.0 |
| 008 - FIXED-LENGTH DATA ELEMENTS--GENERAL INFORMATION |
| fixed length control field |
181216s2005||||enk|||||||||||||| ||eng|| |
| 020 ## - INTERNATIONAL STANDARD BOOK NUMBER |
| International Standard Book Number |
9780582841772 |
| 040 ## - CATALOGING SOURCE |
| Transcribing agency |
GE_BSU |
| 041 ## - LANGUAGE CODE |
| Language code of text/sound track or separate title |
eng |
| 080 ## - UNIVERSAL DECIMAL CLASSIFICATION NUMBER |
| Universal Decimal Classification number |
811.111(075.8) F-71 |
| 100 ## - MAIN ENTRY--PERSONAL NAME |
| Personal name |
Foley, Mark |
| 9 (RLIN) |
24180 |
| 245 ## - TITLE STATEMENT |
| Title |
Total English : Elementary Students book (CD) / |
| Statement of responsibility, etc. |
Mark Foley, Diane Hall. |
| 264 ## - PRODUCTION, PUBLICATION, DISTRIBUTION, MANUFACTURE, AND COPYRIGHT NOTICE |
| Place of production, publication, distribution, manufacture |
Edinburg : |
| Name of producer, publisher, distributor, manufacturer |
Pearson Longman, |
| Date of production, publication, distribution, manufacture, or copyright notice |
2005. |
| 300 ## - PHYSICAL DESCRIPTION |
| Extent |
160 p. ; |
| Dimensions |
29 cm. |
| 653 ## - INDEX TERM--UNCONTROLLED |
| keyword |
Total English |
| 653 ## - INDEX TERM--UNCONTROLLED |
| keyword |
Upper Intermediate Workbook |
| 700 ## - ADDED ENTRY--PERSONAL NAME |
| Personal name |
Hall, Diane |
| Titles and other words associated with a name |
author |
| 9 (RLIN) |
24237 |
| 942 ## - ADDED ENTRY ELEMENTS (KOHA) |
| Koha item type |
წიგნი |
| Source of classification or shelving scheme |
|